|
|
|
|
| LEADER |
00000naa2a2200000 4500 |
| 001 |
427134 |
| 005 |
20231101074625.0 |
| 035 |
|
|
|a (RuTPU)RU\TPU\prd\86258
|
| 035 |
|
|
|a RU\TPU\prd\11771
|
| 090 |
|
|
|a 427134
|
| 100 |
|
|
|a 20100903a2003 k y0rusy50 ca
|
| 101 |
0 |
|
|a rus
|
| 102 |
|
|
|a RU
|
| 200 |
1 |
|
|a Кинетический фосфориметр
|f В. В. Данилевич, В. Ф. Григорьев, В. М. Мажуль и др.
|
| 225 |
1 |
|
|a Приборы, изготовленные в лабораториях
|
| 461 |
|
1 |
|0 (RuTPU)RU\TPU\prd\300
|x 0032-8162
|t Приборы и техника эксперимента
|f Российская академия наук
|d 1956-
|
| 463 |
|
1 |
|0 (RuTPU)RU\TPU\prd\86220
|t № 1
|v с. 163-164
|d 2003
|
| 610 |
1 |
|
|a фосфориметры
|
| 610 |
1 |
|
|a кинетика
|
| 675 |
|
|
|a 535.37:537.86
|v 3
|
| 701 |
|
1 |
|a Данилевич
|b В. В.
|
| 701 |
|
1 |
|a Григорьев
|b В. Ф.
|
| 701 |
|
1 |
|a Мажуль
|b В. М.
|
| 701 |
|
1 |
|a Товмасян
|b С. К.
|
| 701 |
|
1 |
|a Щербин
|b Д. Г.
|
| 801 |
|
1 |
|a RU
|b 63413507
|c 20030321
|g PSBO
|
| 801 |
|
2 |
|a RU
|b 63413507
|c 20100903
|g PSBO
|
| 942 |
|
|
|c BK
|